Eurovision song titles - Statistics

General Stats
  • This quiz has been taken 31 times
    30 since last reset
  • The average score is 16 of 20
Answer Stats
Hint Answer % Correct
Lost and _____ (2018) Found
96%
Hard rock _____ (2006) Hallelujah
96%
Rise like a ______ (2014) Phoenix
93%
Fly on the wings of _____ (2000) Love
89%
Nobody but _____ (2018) You
89%
Golden _____ (2015) Boy
82%
Love shine a ______ (1997) Light
82%
Taken by a _____ (2011) Stranger
82%
What's another _____ (1980) Year
82%
Every way that I _____ (2003) Can
79%
Running ______ (2011) Scared
79%
Wild _____ (2004) Dances
75%
Rhythm ____ (2015) Inside
75%
Only _____ (2013) Teardrops
75%
Children of the _______ (2014) Universe
71%
Goodbye to _______ (2015) Yesterday
71%
Beautiful ____ (2017) Mess
64%
We could be the _____ (2010) Same
64%
Sing it _____ (2016) Away
61%
Lonely ______ (2013) Planet
43%
No matching quizzes found
Score Distribution
Percent of People with Each Score
Percentile by Number Answered
Your Score History
You have not taken this quiz since the last reset